| 000 | 01099nam2a22002411 4500 | ||
|---|---|---|---|
| 001 | rc\1077942 | ||
| 005 | 20250622192606.0 | ||
| 035 | _a(NLR Aleph) 006380258 | ||
| 090 |
_a5074689 _c5074689 |
||
| 100 | _a20041126d1988 |||y0rusy50 ca | ||
| 101 | 0 | _arus | |
| 102 | _aRU | ||
| 105 | _ay ||||||||| | ||
| 200 | 0 | _aТ. 9 | |
| 210 |
_d1988 _aБ. м. |
||
| 215 | _a458 с. | ||
| 421 | 0 |
_12001#$a[Обновленный материал] _1210##$d1990 _1215##$aРазд. паг. _1899##$aNLR$j84-8/956 _t[Обновленный материал] |
|
| 461 | 0 |
_1001rc\1077934 _12001#$aСвод законов Киргизской ССР$fПрезидиум Верховного Совета КиргССР, Совет Министров КиргССР$vТ. 9 _95074625 _cФрунзе _d1984 _fПрезидиум Верховного Совета КиргССР, Совет Министров КиргССР _nКыргызстан _tСвод законов Киргизской ССР _vТ. 9 |
|
| 801 | 0 |
_aRU _bNLR _gpsbo |
|
| 801 | 1 |
_aRU _bELAR _2rusmarc |
|
| 852 |
_aNLR _j84-8/956 |
||
| 942 | _cBOOK | ||
| 980 | _aNB | ||